[Event "Chesscup Rapid 2020"]
[Site "Katowice"]
[Date "2020.09.13"]
[Round "4.8"]
[White "Kuzmicz, Krystian"]
[Black "Zima, Teofil"]
[Result "1-0"]
[WhiteElo "2468"]
[BlackElo "1897"]
[Annotator "RC"]
[PlyCount "109"]
[EventDate "2020.09.12"]
[EventType "swiss"]
[EventCountry "POL"]
[SourceTitle "playchess.com"]
[Source "ChessBase"]
[SourceQuality "1"]
[TimeControl "600+5"]

1. e4 {[%emt 0:00:00]} c5 {[%emt 0:00:03]} 2. d3 {[%emt 0:00:00]} Nc6 {[%emt 0:00:02]} 3. g3 {[%emt 0:00:00]} g6 {[%emt 0:00:03]} 4. Bg2 {[%emt 0:00:01]} Bg7 {[%emt 0:00:01]} 5. f4 {[%emt 0:00:01]} e6 {[%emt 0:00:56]} 6. Nf3 {[%emt 0:00:01]} Nge7 {[%emt 0:00:01]} 7. O-O {[%emt 0:00:02]} O-O {[%emt 0:00:12]} 8. c3 {[%emt 0:00:01]} b6 {[%emt 0:00:59]} 9. Na3 {[%emt 0:00:04]} Bb7 {[%emt 0:00:10]} 10. Nc2 {[%emt 0:00:07]} Rc8 {[%emt 0:00:32]} 11. Re1 {[%emt 0:00:02]} Qc7 {[%emt 0:00:13]} 12. Be3 {[%emt 0:00:06]} Rfd8 {[%emt 0:00:06]} 13. Bf2 {[%emt 0:00:02]} d6 {[%emt 0:00:35]} 14. Qd2 {[%emt 0:00:06]} a6 {[%emt 0:00:15]} 15. g4 {[%emt 0:00:32]} h6 {[%emt 0:00:43]} 16. Bh4 {[%emt 0:00:58]} Re8 {[%emt 0:00:10]} 17. Bh3 {[%emt 0:00:18]} b5 {[%emt 0:01:08]} 18. f5 {[%emt 0:00:43]} exf5 {[%emt 0:00:10]} 19. gxf5 {[%emt 0:00:04]} g5 {[%emt 0:00:27]} 20. Bg3 {[%emt 0:00:22]} Rcd8 {[%emt 0:00:10]} 21. Rf1 {[%emt 0:00:33]} b4 {[%emt 0:00:11]} 22. Nxg5 {[%emt 0:00:10]} bxc3 {[%emt 0:00:12]} 23. bxc3 {[%emt 0:00:01]} hxg5 {[%emt 0:00:29]} 24. f6 {[%emt 0:00:02]} Bh6 {[%emt 0:00:20]} 25. fxe7 {[%emt 0:00:01]} Nxe7 {[%emt 0:00:23]} 26. Ne3 {[%emt 0:00:11]} c4 {[%emt 0:00:14]} 27. Qf2 {[%emt 0:00:54]} Ng6 {[%emt 0:00:16]} 28. Nxc4 {[%emt 0:01:43]} Nf4 {[%emt 0:00:14]} 29. Bxf4 {[%emt 0:00:24]} gxf4 {[%emt 0:00:01]} 30. Rae1 {[%emt 0:02:12]} f6 {[%emt 0:01:09]} 31. Bg2 {[%emt 0:00:42]} Re7 {[%emt 0:00:08]} 32. Kh1 {[%emt 0:00:07]} Rh7 {[%emt 0:00:03]} 33. Bf3 {[%emt 0:00:07]} Bg5 {[%emt 0:00:03]} 34. Rg1 {[%emt 0:00:07]} Rdd7 {[%emt 0:00:32]} 35. Rg2 {[%emt 0:00:08]} Rdg7 {[%emt 0:00:13]} 36. Reg1 {[%emt 0:00:06]} Kf8 {[%emt 0:00:10]} 37. Qd4 {[%emt 0:00:12]} Rh3 {[%emt 0:00:41]} 38. Bg4 {[%emt 0:00:14]} Re3 {[%emt 0:00:13]} 39. Nxe3 {[%emt 0:00:09]} fxe3 {[%emt 0:00:01]} 40. Be6 {[%emt 0:00:15]} Qc5 {[%emt 0:00:33]} 41. Qxc5 {[%emt 0:00:48]} dxc5 {[%emt 0:00:00]} 42. Rxg5 {[%emt 0:00:27]} fxg5 {[%emt 0:00:05]} 43. Re1 {[%emt 0:00:06]} Re7 {[%emt 0:00:05]} 44. Bc4 {[%emt 0:00:04]} Bxe4+ {[%emt 0:00:11]} 45. dxe4 {[%emt 0:00:03]} Rxe4 {[%emt 0:00:00]} 46. Bd5 {[%emt 0:00:13]} Re5 {[%emt 0:00:07]} 47. c4 {[%emt 0:00:01]} Ke7 {[%emt 0:00:05]} 48. Kg2 {[%emt 0:00:01]} Kd6 {[%emt 0:00:02]} 49. Kf3 {[%emt 0:00:02]} a5 {[%emt 0:00:18]} 50. Rxe3 {[%emt 0:00:02]} g4+ 51. Kf4 {[%emt 0:00:05]} Rxe3 {[%emt 0:00:09]} 52. Kxe3 Ke5 53. a4 {[%emt 0:00:07]} Kf5 {[%emt 0:00:02]} 54. Bb7 {[%emt 0:00:02]} Kg5 {[%emt 0:00:08]} 55. Bc8 {[%emt 0:00:01]} 1-0

[Event "Chesscup Rapid 2020"]
[Site "Katowice"]
[Date "2020.09.13"]
[Round "4.9"]
[White "Jakubowska, Anna"]
[Black "Lewicki, Miroslaw"]
[Result "0-1"]
[WhiteElo "2073"]
[BlackElo "2348"]
[Annotator "TA"]
[PlyCount "60"]
[EventDate "2020.09.12"]
[EventType "swiss"]
[EventCountry "POL"]
[SourceTitle "playchess.com"]
[Source "ChessBase"]
[SourceQuality "1"]

{[%evp 18,60,-15,-13,-16,-12,29,6,16,-6,0,-6,80,71,76,69,70,72,67,37,42,-26,-24,-19,-9,-62,-58,-69,-72,-73,-58,-50,-75,-47,-48,-52,-20,-31,-39,-41,-26,-31,-24,-1041,-1029]} 1. e4 c5 2. Nc3 d6 3. g3 g6 4. Bg2 Bg7 5. d3 Nf6 6. f4 O-O 7. Nf3 Nc6 8. O-O Rb8 9. h3 b5 10. g4 e6 {B25: Closed Sicilian: 3 g3, lines without early Be3.} 11. Ne2 {[#]} c4 $146 ({Predecessor:} 11... Qb6 12. Kh1 Ne8 13. Ng3 f5 14. c3 b4 15. c4 Ne7 16. Qe2 Qc7 17. Be3 Bh6 18. gxf5 exf5 {1-0 (36) Horstmann,O (2151)-Jantz,H (2043) Bad Godesberg 2012}) 12. Ng3 Qb6+ {The position is equal.} 13. Kh2 cxd3 14. cxd3 e5 {[#]} (14... Nd7 $11 {keeps the balance.}) 15. f5 $1 $16 h6 16. g5 hxg5 17. Bxg5 Bd7 18. Qd2 {Black must now prevent Bxf6.} Qa5 $1 19. Rfc1 ({White should try} 19. Qf2 $14) 19... Qxd2 $11 20. Bxd2 Rfc8 21. Rc2 (21. fxg6 $11 fxg6 22. Rf1) 21... gxf5 $15 22. Nxf5 Bxf5 23. exf5 Ne7 24. Rac1 Rxc2 25. Rxc2 Nxf5 26. Rc7 e4 27. dxe4 Nxe4 28. Bc1 a5 29. b3 d5 30. Ne1 $2 {[%mdl 8192] [#]} (30. Bf4 $11) 30... Be5+ {[%mdl 64] Double Attack. Accuracy: White = 62%, Black = 76%.} 0-1

[Event "Chesscup Rapid 2020"]
[Site "Katowice"]
[Date "2020.09.13"]
[Round "4.10"]
[White "Walter, Szymon"]
[Black "Lukasiewicz, Aleksander"]
[Result "1-0"]
[WhiteElo "2288"]
[BlackElo "1936"]
[Annotator "TA"]
[PlyCount "79"]
[EventDate "2020.09.12"]
[EventType "swiss"]
[EventCountry "POL"]
[SourceTitle "playchess.com"]
[Source "ChessBase"]
[SourceQuality "1"]

{[%evp 15,79,30,43,25,32,25,41,32,36,31,136,39,50,41,60,71,75,35,39,22,35,27,122,80,181,79,81,77,287,208,237,168,311,302,259,0,0,0,8,-67,-67,-137,-128,-105,-31,-31,-57,-130,-120,-124,0,0,0,-217,-189,-288,-288,-371,-371,-371,-362,-744,-503,-472,284,270]} 1. e4 e5 2. Nf3 Nc6 3. Bb5 a6 4. Ba4 d6 5. O-O Bd7 6. c3 g6 7. d4 Bg7 8. d5 Nb8 9. Bxd7+ {C76: Ruy Lopez: Deferred Steinitz: 5 c3 Bd7 6 d4 g6.} (9. Bc2 {with more complications.} Nf6 10. c4 c6 11. Bg5 cxd5 12. cxd5 a5 13. a3) 9... Nxd7 10. c4 h6 11. Nc3 {White is slightly better.} f5 {[#]} 12. Rb1 $146 ({Predecessor:} 12. b4 Ne7 13. Ba3 O-O 14. c5 Nf6 15. Nd2 h5 16. b5 fxe4 17. b6 cxb6 18. cxd6 {1-0 (29) Sargissian,G (2658)-Paunovic,D (2516) Zafra 2007}) 12... Ngf6 (12... Ne7 $14) 13. Nd2 (13. Nh4 $16) 13... f4 14. b4 Qe7 15. Qe2 g5 16. Nb3 g4 17. f3 gxf3 18. Rxf3 Kf7 {[#]} (18... O-O $11 {remains equal.}) 19. c5 $1 {[%mdl 512]} Rag8 (19... Rhe8 $16) (19... dxc5 20. bxc5) 20. Ba3 (20. g3 $18) 20... Bf8 $16 21. Na5 Ng4 $2 (21... Rg5 $16 {was necessary.}) 22. cxd6 cxd6 23. b5 Qh4 (23... Qd8 {might work better.}) 24. h3 $18 Ngf6 25. bxa6 $2 (25. Nxb7 $18 axb5 26. Nxb5) 25... bxa6 $11 26. Nc4 ({But not} 26. Qxa6 $2 Rg3 $19) 26... Rg6 27. Bxd6 (27. Qf2 $11 Qxf2+ 28. Rxf2) 27... Rhg8 $15 28. Bxf8 (28. Rb7 $15 Rxg2+ 29. Qxg2 Rxg2+ 30. Kxg2 Qg5+ 31. Kf1) 28... Rxg2+ $17 29. Qxg2 {Black must now prevent Bg7.} Rxg2+ ({Better is} 29... Kxf8 $17 30. Kh2 Rxg2+ 31. Kxg2 Qg5+ 32. Kh2 Qh5) 30. Kxg2 $15 Kxf8 31. d6 {[#]} (31. Rb3 $15) 31... Qg5+ $1 $17 {[%mdl 1024] Black has strong compensation.} 32. Kf2 Qh4+ ({Black should try} 32... Qg8 $17 33. Nd2 Qe6) 33. Ke2 Qg5 {Strongly threatening ...Qg2+.} 34. Rbf1 $2 (34. Kf2 $1 $11) 34... Nc5 35. Nd2 (35. Kd1 $142) 35... Qg6 $19 36. Kd1 Nfxe4 37. Ndxe4 Nxe4 38. Nd5 $2 (38. Nxe4 Qxe4 39. Rb3) 38... Qxd6 39. Rd3 {Now Nxf4 and White clings on.} Nf6 $4 {[%mdl 8192]} (39... Qc6 $19 {and all is fine.} 40. Nxf4 exf4 41. Rxf4+ Kg7) 40. Nxf4 $1 {[%mdl 64] Discovered Attack. White used his chance. Accuracy: White = 40%, Black = 54%.} 1-0

[Event "Chesscup Rapid 2020"]
[Site "Katowice"]
[Date "2020.09.13"]
[Round "5.1"]
[White "Janik, Igor"]
[Black "Teclaf, Pawel"]
[Result "1/2-1/2"]
[WhiteElo "2470"]
[BlackElo "2464"]
[Annotator "TA"]
[PlyCount "90"]
[EventDate "2020.09.12"]
[EventType "swiss"]
[EventCountry "POL"]
[SourceTitle "playchess.com"]
[Source "ChessBase"]
[SourceQuality "1"]

{[%evp 13,90,0,23,6,14,7,16,7,7,19,13,17,16,0,21,0,14,19,21,23,36,14,25,25,26,29,25,0,0,-12,-8,-6,-2,-14,-14,-9,10,0,45,28,68,30,66,-25,64,15,23,-14,-10,-12,-17,-38,-38,-37,-32,-30,-32,-35,-33,-35,0,0,0,0,0,-139,0,-28,0,-138,0,-18,-20,-35,0,-20,0,-133,0]} 1. d4 Nf6 2. c4 g6 3. Nf3 Bg7 4. g3 O-O 5. Bg2 c6 6. O-O d5 7. Qb3 a5 {[%cal Ba7a5,Ba5a4][%mdl 32]} 8. cxd5 {D78: Fianchetto Grünfeld: 6 0-0 c6.} a4 9. Qd1 cxd5 10. Nc3 {The position is equal.} Qa5 11. Bd2 Qa6 12. Ne5 Nc6 {[#]} 13. Bf4 $146 ({Reject} 13. Nxd5 Nxd5 14. Bxd5 Nxd4 $17) ({Predecessor:} 13. Bg5 e6 14. e4 Nxe4 15. Nxe4 dxe4 16. Bxe4 Nxe5 17. dxe5 Bxe5 18. Qc2 Bd7 19. Rfe1 {½-½ (52) Wei,Y (2736)-Van Foreest,J (2601) chess.com INT 2019}) 13... e6 14. a3 Bd7 15. e3 Rfc8 16. Re1 Nxe5 17. Bxe5 Bc6 18. Rc1 Ne8 19. Bxg7 Kxg7 20. Na2 Bb5 21. Nb4 Qb6 22. Qg4 Qd6 23. h4 Nf6 24. Qd1 $1 Nd7 25. h5 Nb6 26. Qg4 Nc4 27. Rc2 Qd8 28. Qf4 (28. e4 $14) 28... gxh5 ({Black should try} 28... g5 $1 $11 29. Qf3 Nd6) 29. Bf3 (29. e4 $5 {[%cal Re4d5]} Qf6 30. Qxf6+ (30. exd5 Qxf4 31. gxf4 Re8 $14) 30... Kxf6 31. exd5 $16) 29... h4 30. gxh4 (30. e4 $5 {[%cal Re4d5]} Qf6 31. Qxf6+ (31. exd5 Qxf4 32. gxf4 exd5 $11) 31... Kxf6 32. exd5 $14) 30... Qf6 31. Qxf6+ Kxf6 32. Kh2 Nd6 33. Rec1 Rxc2 34. Rxc2 Bc4 35. Rc1 Rg8 36. Rh1 Ne4 37. Bxe4 dxe4 $11 {[%mdl 4096] Endgame KRB-KRN} 38. Rc1 Be2 39. Rg1 (39. Na2 $11) 39... Rc8 (39... Rxg1 $17 40. Kxg1 Kf5) 40. Kg3 Rg8+ (40... Kf5 $11) 41. Kh2 $17 Rc8 (41... Rxg1 $17 42. Kxg1 Kf5) 42. Kg3 $11 Kf5 {...Rg8+ is the strong threat.} 43. Kh2 Kf6 44. Kg3 Rg8+ ({Better is} 44... b6 $11) 45. Kh2 $17 Rc8 {Accuracy: White = 78%, Black = 74%.} (45... Rxg1 $17 46. Kxg1 Kf5) 1/2-1/2

[Event "Chesscup Rapid 2020"]
[Site "Katowice"]
[Date "2020.09.13"]
[Round "5.2"]
[White "Nasuta, Grzegorz"]
[Black "Krasenkow, Michal"]
[Result "1-0"]
[WhiteElo "2553"]
[BlackElo "2605"]
[Annotator "TA"]
[PlyCount "59"]
[EventDate "2020.09.12"]
[EventType "swiss"]
[EventCountry "POL"]
[SourceTitle "playchess.com"]
[Source "ChessBase"]
[SourceQuality "1"]

{[%evp 9,59,24,34,35,22,23,23,18,25,19,23,0,0,-43,-50,-50,-49,-40,-31,-43,0,-16,0,0,7,0,0,0,0,10,114,112,956,927,1006,1000,1073,668,5406,5389,2323,2298,29988,29989,7945,6415,29994,29995,29996,29995,29995,29996]} 1. e4 c5 2. Nf3 Nc6 3. Bb5 g6 4. Bxc6 bxc6 5. d4 Bg7 6. dxc5 {B31: Sicilian: 2...Nc6 3 Bb5 g6.} Qa5+ 7. Nbd2 Qxc5 8. O-O {White has an edge.} Nh6 {[#]} 9. h3 $146 ({Predecessor:} 9. e5 Ng4 10. Nb3 Qd5 11. Bf4 Qxd1 12. Raxd1 f6 13. exf6 Nxf6 14. Rfe1 O-O 15. Rxe7 {1-0 (31) Safarli,E (2676)-Sulypa,O (2487) Porto Carras 2018}) 9... O-O 10. Re1 f6 11. e5 fxe5 12. Nb3 $1 {[%cal Rb3c5]} Qb6 13. Bxh6 Bxh6 14. Rxe5 Rf7 15. Qe2 Ba6 16. c4 Re8 17. Rd1 $36 {[%mdl 2048] White is pushing.} d5 $1 18. Nbd4 Bxc4 19. Qc2 c5 {[#]} (19... Bg7 $11 {keeps the balance.}) 20. Re6 $1 $16 {[%cal Re6b6]} Qa5 $2 {[%mdl 8192] [#] Loses the game.} (20... Qb8 $16 21. Nc6 Qc8) 21. Rxg6+ $1 $18 {[%mdl 512]} Bg7 (21... hxg6 22. Qxg6+) 22. Ne6 Qxa2 23. Nxg7 Rxg7 24. Rxg7+ {[%mdl 64] Discovered Attack} Kxg7 25. Ng5 Rh8 26. Qf5 d4 27. Re1 Qa6 28. Rxe7+ {White mates.} Kh6 29. Nf7+ Bxf7 30. Qf4+ {Accuracy: White = 88%, Black = 41%.} 1-0

[Event "Chesscup Rapid 2020"]
[Site "Katowice"]
[Date "2020.09.13"]
[Round "5.3"]
[White "Socko, Bartosz"]
[Black "Sadzikowski, Daniel"]
[Result "1-0"]
[WhiteElo "2601"]
[BlackElo "2527"]
[Annotator "TA"]
[PlyCount "61"]
[EventDate "2020.09.12"]
[EventType "swiss"]
[EventCountry "POL"]
[SourceTitle "playchess.com"]
[Source "ChessBase"]
[SourceQuality "1"]

{[%evp 9,61,0,2,-3,25,13,17,12,18,14,24,16,22,9,12,0,0,0,0,0,39,-2,73,0,91,-75,354,105,120,108,310,293,552,511,460,303,309,207,486,482,647,647,602,561,1058,1012,1191,1187,1160,1156,2368,1110,1213,1162]} 1. g3 e5 2. Bg2 Nc6 {[%cal Bb8c6,Bc6d4,Bd4e2][%mdl 32]} 3. c4 g6 4. Nc3 Bg7 5. e4 Nd4 6. Nge2 {A25: English Opening vs King's Indian with ...Nc6 but without early d3.} Nxe2 (6... h5 {is more complex.} 7. h3 d6 8. d3 Ne7 9. Nxd4 exd4 10. Nd5 c6) 7. Qxe2 Ne7 8. d3 {The position is equal.} Nc6 9. Be3 d6 10. O-O O-O 11. f4 {[#]} exf4 $146 ({Predecessor:} 11... Nd4 12. Qd2 c6 13. Rf2 Be6 14. Raf1 f5 15. fxe5 dxe5 16. Bh6 Qd6 17. Bxg7 Kxg7 18. exf5 Rxf5 {½-½ (52) Kriebel,T (2515)-Cyborowski,L (2514) Legnica 2017}) 12. gxf4 f5 13. Rae1 Nd4 14. Qf2 c5 15. Nd5 (15. e5 $5) 15... Be6 {[#]} (15... fxe4 $11 {keeps the balance.} 16. dxe4 Be6) 16. b4 (16. e5 $1 $16 {[%mdl 512]}) 16... b6 {[#]} (16... Bxd5 $11 17. cxd5 b6) 17. Bxd4 $2 (17. e5 $1 $16 {[%mdl 512] stays on course.}) 17... cxd4 $4 {[%mdl 8192]} (17... Bxd4 $17 {keeps the pressure on.} 18. Ne3 fxe4 19. Bxe4 Bh3 20. Bd5+ Kh8 21. Bxa8 Bxf1) 18. e5 $2 (18. exf5 $18 {and the rest is easy.} Bxf5 19. Ne7+ Kh8 20. Bxa8 Qxa8 21. Nxf5 gxf5 22. Qg2) 18... dxe5 19. fxe5 {Nf4 is the strong threat.} Kh8 $2 (19... Qd7 $16 20. b5 (20. Qxd4 Rac8 $16) 20... Rac8) 20. Nf4 $18 ({Weaker is} 20. Qxd4 Bh6 $16) 20... Bg8 $2 (20... Qe7 {is a better defense.} 21. Bxa8 (21. Qxd4 Rac8 $16) 21... Rxa8 22. Nxe6 Qxe6 23. Qxd4 Qe7) 21. Bxa8 Qxa8 22. Qxd4 Qe8 23. Nd5 g5 $2 (23... Qd7 24. a3 Re8) 24. Nf6 {White is clearly winning.} Qg6 25. Nxg8 Rxg8 26. Qd5 g4 27. e6 g3 28. e7 Re8 29. Rxf5 Qg4 {[#]} 30. Qf3 $1 Bd4+ {[#]} 31. Kg2 $1 {Accuracy: White = 52%, Black = 33%.} 1-0

[Event "Chesscup Rapid 2020"]
[Site "Katowice"]
[Date "2020.09.13"]
[Round "5.4"]
[White "Miton, Kamil"]
[Black "Kuzmicz, Krystian"]
[Result "1-0"]
[WhiteElo "2590"]
[BlackElo "2468"]
[Annotator "TA"]
[PlyCount "71"]
[EventDate "2020.09.12"]
[EventType "swiss"]
[EventCountry "POL"]
[SourceTitle "playchess.com"]
[Source "ChessBase"]
[SourceQuality "1"]

{[%evp 11,71,27,37,31,20,26,43,47,79,68,73,75,174,166,269,216,335,294,412,273,367,347,880,551,544,541,554,551,539,547,579,466,783,631,619,222,227,197,197,197,201,206,222,199,334,324,327,312,1023,1010,934,925,1147,987,952,949,930,878,2248,2053,2131,1933]} 1. d4 g6 2. Nf3 Bg7 3. c4 c5 4. e4 Qa5+ 5. Nc3 d6 6. Be2 Bg4 {next ...Bxf3 is good for Black.} 7. d5 {A40: Unusual replies to 1 d4.} Bxf3 8. gxf3 Nd7 9. Bd2 {White is slightly better.} Ngf6 10. f4 a6 11. Qc2 {[#]} O-O $146 {[#]} (11... Qc7 $16) ({Predecessor:} 11... Qc7 12. Rg1 O-O-O 13. O-O-O Kb8 14. Kb1 Bh6 15. Qd3 Rhe8 16. Qh3 Bg7 17. f5 Bh8 {1-0 (46) Agrest,E (2600)-Ornstein,A (2344) Sweden 2017}) 12. h4 $1 $18 h5 (12... Rab8 $142 13. Rg1 Kh8) 13. Rg1 Rab8 {[#]} (13... Qc7 $142 14. O-O-O b5) 14. e5 $1 {[%mdl 512]} Ng4 (14... dxe5 {was worth a try.} 15. f5 Qb6 16. fxg6 e4) 15. f3 Ngxe5 16. fxe5 Bxe5 $2 (16... dxe5 17. O-O-O Kh8) 17. f4 Bd4 18. Rg3 Qd8 19. O-O-O Kh8 20. f5 Ne5 21. Bf4 e6 (21... Rg8 $142 22. Kb1 Rg7) 22. Bg5 f6 23. Bh6 $2 (23. fxg6 fxg5 {[#]} 24. g7+ $1 {[%mdl 576] Decoy} Kxg7 25. Rxg5+ Qxg5+ 26. hxg5) 23... exf5 24. Bxf8 Qxf8 25. Kb1 Qh6 26. Rf1 f4 27. Rg2 b5 (27... f5 $142 28. Nd1 Ng4) 28. cxb5 axb5 29. Ne4 {[%cal Bc3e4,Be4d6,Bd6c4][%mdl 96] Double Attack} Nc4 $2 (29... f3 30. Bxf3 Nc4) 30. Bxc4 {White is clearly winning.} bxc4 31. Nxd6 {Strongly threatening Nf7+.} Kh7 32. Nxc4 f5 33. Re2 Qg7 34. d6 Qf6 35. Re7+ Kh6 {[#]} 36. Qd2 $1 {Black did not feel at home in the position after the opening. Accuracy: White = 71%, Black = 30%.} 1-0

[Event "Chesscup Rapid 2020"]
[Site "Katowice"]
[Date "2020.09.13"]
[Round "5.5"]
[White "Jakubowski, Krzysztof"]
[Black "Walter, Szymon"]
[Result "1-0"]
[WhiteElo "2481"]
[BlackElo "2288"]
[Annotator "TA"]
[PlyCount "45"]
[EventDate "2020.09.12"]
[EventType "swiss"]
[EventCountry "POL"]
[SourceTitle "playchess.com"]
[Source "ChessBase"]
[SourceQuality "1"]

{[%evp 15,45,32,60,56,73,79,101,75,139,145,189,161,152,160,317,300,303,302,291,301,439,356,370,343,396,249,263,264,502,501,488,490]} 1. d4 Nf6 2. c4 g6 3. Nc3 Bg7 4. e4 d6 5. f3 O-O 6. Nge2 c6 7. Bg5 Nbd7 8. Qd2 e5 9. O-O-O {is the legacy move (9.d5). E81: King's Indian: Sämisch: 6th move deviations (including 6 Be3 c6).} exd4 10. Nxd4 {[#]} Nc5 $146 ({Predecessor:} 10... Re8 11. Kb1 Nc5 12. h4 a5 13. h5 a4 14. a3 Qa5 15. hxg6 hxg6 16. Bh6 Bh8 {1-0 (42) Kjeldsen,J (2415)-Lindfeldt,J (2165) Randers 1996}) 11. Bh6 {White is better.} Qb6 ({Black should try} 11... Bxh6 12. Qxh6 a5) 12. h4 $16 Re8 13. Bxg7 Kxg7 {[#]} 14. h5 $1 {[%mdl 512]} Be6 $2 (14... Qd8 $16 15. Nb3 (15. hxg6 fxg6 16. b4 Ncd7 $16) 15... Nxb3+ 16. axb3 Qe7 17. hxg6 (17. Qxd6 Nxh5 18. Qh2 Qg5+ 19. Kb1 Qg3 $11) 17... fxg6 18. Qxd6 Qxd6 19. Rxd6 Re6) (14... Nxh5 15. g4) 15. hxg6 $18 fxg6 16. Qh6+ Kg8 {[#]} 17. Nf5 $1 {[%mdl 512]} gxf5 (17... Bxf5 $142 18. exf5 Qc7 19. fxg6 Re7) 18. Qxf6 {Rh5 is the strong threat.} Qd8 19. Qh6 $1 {[%cal Rh6h7]} Re7 20. exf5 $40 {[%mdl 128] Black is in trouble.} Bxf5 {[#]} 21. Rh5 $1 {[%cal Rh5f5]} Re6 $2 {[#]} (21... Qf8 {keeps fighting.} 22. Qxd6 Rd7 23. Qg3+ Rg7) 22. Qf4 $1 Bg6 {[#]} 23. Rxc5 $1 {[%mdl 576] Pin. Accuracy: White = 73%, Black = 36%.} 1-0

[Event "Chesscup Rapid 2020"]
[Site "Katowice"]
[Date "2020.09.13"]
[Round "5.6"]
[White "Lewicki, Miroslaw"]
[Black "Golubka, Petro"]
[Result "1/2-1/2"]
[WhiteElo "2348"]
[BlackElo "2488"]
[Annotator "TA"]
[PlyCount "130"]
[EventDate "2020.09.12"]
[EventType "swiss"]
[EventCountry "POL"]
[SourceTitle "playchess.com"]
[Source "ChessBase"]
[SourceQuality "1"]

{[%evp 9,130,48,59,33,48,48,50,47,53,54,64,61,63,39,221,212,222,212,216,212,215,216,248,238,243,253,260,224,206,230,232,224,229,229,261,255,257,243,296,300,301,278,295,221,322,318,320,287,314,315,298,297,277,246,247,255,328,202,204,204,223,223,223,223,216,217,253,253,253,253,253,250,253,253,253,253,253,250,253,253,230,85,85,85,85,44,85,85,85,85,85,85,85,85,85,85,85,66,66,66,66,66,66,66,66,66,66,66,66,66,66,8,66,0,0,0,0,0,0,0,0,0,0]} 1. e4 e6 2. d4 d5 3. Nd2 a6 4. Ngf3 Be7 5. Bd3 c5 6. exd5 {C03: French Tarrasch: Unusual Black 3rd moves.} exd5 7. dxc5 Bxc5 8. O-O {[#] White is slightly better.} Nc6 $146 ({Predecessor:} 8... Ne7 9. Nb3 Bd6 10. Nfd4 Nbc6 11. Re1 Ne5 12. Bf1 O-O 13. f4 Nc4 14. Bd3 g6 {½-½ (49) Stoeri,L (1939)-Hasenohr,B (2185) Zuerich 2011}) 9. Nb3 Bb6 10. Re1+ Nge7 11. Ng5 {Qf3 is the strong threat.} h6 $2 {[#]} (11... g6 $1 $14) 12. Qh5 $1 $18 {[%cal Rh5f7][%mdl 512]} O-O 13. Nh7 Ng6 14. Nxf8 Nxf8 15. Be3 Bc7 16. Rad1 Ne5 {Strongly threatening ...Bg4.} 17. h3 Be6 18. Bf4 Nxd3 19. Bxc7 Qxc7 20. cxd3 Qb6 21. d4 Nd7 22. Rc1 a5 23. Qe2 Nf6 24. Nc5 Bf5 25. b3 Qb4 26. Qe5 Bg6 (26... Re8 $142) 27. Qc7 Qxd4 28. Qxb7 Rf8 29. Nd7 Nxd7 30. Qxd7 Qd2 31. Qa4 Bc2 32. Qc6 Bg6 33. Qc3 Qxa2 34. Red1 a4 35. bxa4 ({Don't take} 35. Rxd5 $6 Qxb3 36. Ra5 Rd8 $16) 35... Qxa4 36. Rxd5 Kh7 37. Rc5 h5 38. Rc8 Rxc8 39. Qxc8 {[%mdl 4096] Endgame KQR-KQB} Qf4 40. Ra1 Bf5 41. Qd8 Be6 42. Qd3+ Bf5 43. Qe2 Kg6 44. Ra6+ Be6 45. Rxe6+ (45. Qd3+ $18 {has better winning chances.} Kh6 46. Ra8) 45... fxe6 $16 46. Qxe6+ $18 {KQ-KQ} Kh7 47. Qe3 (47. g3 {looks sharper.} Qf3 48. Qe3 Qd1+ 49. Kh2 Qd7 50. h4) 47... Qf5 48. h4 Qf7 49. Qg5 g6 50. Qe5 Qd7 51. Kh2 Qf7 52. Kg3 Qd7 53. f3 Qf7 54. Qf4 Qe7 55. Kf2 Qa7+ 56. Qe3 $1 {[%cal Re3a7]} Qa2+ 57. Kg3 Qf7 58. Qe5 (58. Qc1 {is more complex.} Qd7 59. Qc3 Qd6+ 60. Kf2 Qb6+ 61. Qe3) 58... Kg8 59. Kf2 Kh7 60. Ke3 (60. Qc5 $14) 60... Kg8 (60... Qb3+ $11 61. Kf2 Qa2+ 62. Kg3 Qf7) 61. g4 (61. Qd6 $14) 61... hxg4 $11 {The position is equal.} 62. fxg4 Kh7 63. Ke4 Qc4+ 64. Qd4 Qf7 65. Ke3 Qe7+ {[%mdl 64] Double Attack. Black defended with fortune. Accuracy: White = 84%, Black = 78%.} 1/2-1/2